000 00726nam a2200229Ia 4500
003 IN-BaIIA
008 211028s9999 xx 000 0 eng d
020 _a3-540-55523-4
040 _cIIA Library
080 _a52(048.1)
_bREV-5
245 0 _aReviews in modern astronomy
_b5, variabilities in stars and galaxies
_cedited by Gerhard Klare
260 _aBerlin
_bSpringer-Verlag
_c1992
300 _a270p.
490 _aReviews in Modrern Astronomy; v. 5
500 _a122 figures
650 _aAstronomy
_980
650 _aAstronomy and astrophysics thesaurus
650 _aGalaxies
_91286
650 _aVariable stars
_91140
700 _aKlare, Gerhard ed.
_916466
942 _cBK
999 _c10618
_d10618